000 00360nam a2200145Ia 4500
008 231129s1981||||xx |||||||||||||| ||spa||
020 _a84-02-07914-8
040 _bspa
082 _aI823 D314h
100 _aDefoe Daniel
245 0 _aHistorias de piratas
260 _c1981
264 _aBruguera
942 _2ddc
_cBKS
999 _c15377
_d15377